El régimen de contrataciones de la administración pública nacional (Registro nro. 3390)
[ vista simple ]
| 000 -LEADER | |
|---|---|
| fixed length control field | 01964 a2200229 4500 |
| 001 - CONTROL NUMBER | |
| control field | 41137 |
| 005 - DATE AND TIME OF LATEST TRANSACTION | |
| control field | 20260407155705.0 |
| 008 - FIXED-LENGTH DATA ELEMENTS--GENERAL INFORMATION | |
| fixed length control field | 260407a2006 arg spa d |
| 003 - CONTROL NUMBER IDENTIFIER | |
| control field | AR-UNSa-BCEJYS |
| 040 ## - CATALOGING SOURCE | |
| Original cataloging agency | AR-UNSa-BCEJYS |
| Language of cataloging | spa |
| Transcribing agency | AR-UNSa-BCEJYS |
| 080 ## - UNIVERSAL DECIMAL CLASSIFICATION NUMBER | |
| Universal Decimal Classification number | 351.71 |
| Common auxiliary subdivision | Bienes públicos. Obras públicas. Impuestos (Contratación pública) |
| 020 ## - INTERNATIONAL STANDARD BOOK NUMBER | |
| International Standard Book Number | 950-894-552-4 |
| 041 ## - LANGUAGE CODE | |
| Language code of text/sound track or separate title | spa |
| 100 1# - MAIN ENTRY--PERSONAL NAME | |
| Personal name | Elgassi, Alberto Á. |
| 245 10 - TITLE STATEMENT | |
| Title | El régimen de contrataciones de la administración pública nacional |
| 264 #1 - PRODUCTION, PUBLICATION, DISTRIBUTION, MANUFACTURE, AND COPYRIGHT NOTICE | |
| Place of production, publication, distribution, manufacture | Buenos Aires : |
| Name of producer, publisher, distributor, manufacturer | AD-HOC |
| Date of production, publication, distribution, manufacture, or copyright notice | 2006 |
| 300 ## - PHYSICAL DESCRIPTION | |
| Extent | 236 p. |
| Dimensions | 23 cm. |
| 505 ## - FORMATTED CONTENTS NOTE | |
| Formatted contents note | 1. Regularidad normativa y efectos jurídicos del dec. 1023/01 - 2. Consecuencias jurídicas de las modificaciones impuestas al régimen de contrataciones por los decretos de necesidad y urgencia dictados a posteriori. Diferencias con los decretos delegados. Responsabilidad del estado - 3. La reglamentación transitoria al dec. 1023/01 - 4. Los contratos de la administración nacional - 5. Las innovaciones en materia procesal contractual - 6. Las cláusulas exorbitantes en los vínculos contractuales de la Administración federal - 7. La responsabilidad precontractual, contractual del Estado federal argentino, la de sus funcionarios y consesionarios de servicios públicos - 8. Definición del concepto "emergencia" desde distintos planos del conocimiento. Doctrina y jurisprudencia - 9. Los presupuestos jurídicos y fácticos que posibilitan la admisión regular del estado de emergencia y sus límites - 10. Acerca de los efectos jurídicos de la emergencia y su control judicial - 11. La emergencia en los contratos de la administración - 12. Síntesis cronológica de normas dictadas por la emergencia antes y después de la instauración del nuevo régimen contractual |
| 590 ## - LOCAL NOTE (RLIN) | |
| Local note | niveau_biblio:m niveau_hierar:0 |
| 856 41 - ELECTRONIC LOCATION AND ACCESS | |
| Uniform Resource Identifier | <a href="https://biblioeco.unsa.edu.ar/pmb/images/libros/El_reg_contrat_Elgassi.jpg">https://biblioeco.unsa.edu.ar/pmb/images/libros/El_reg_contrat_Elgassi.jpg</a> |
| Link text | Imagen de portada |
| Electronic format type | image/jpeg |
| 942 ## - ADDED ENTRY ELEMENTS (KOHA) | |
| Koha item type | |
| Withdrawn status | Lost status | Damaged status | Not for loan | Home library | Current library | Shelving location | Date acquired | Total checkouts | Full call number | Barcode | Date last seen | Price effective from | Koha item type |
|---|---|---|---|---|---|---|---|---|---|---|---|---|---|
| Biblioteca Prof. Eusebio Cleto del Rey | Biblioteca Prof. Eusebio Cleto del Rey | 07/04/2026 | 351.71 E41 | L126391 | 07/04/2026 | 07/04/2026 | Libro |